|
|
|
|
| LEADER |
00000csc a2200000 a 4500 |
| 001 |
50695 |
| 005 |
20230801114353.0 |
| 008 |
000000|1954 ||||||||r|||||||||||spa|| |
| 040 |
|
|
|b spa
|
| 041 |
1 |
|
|a spa
|
| 082 |
0 |
|
|a 030
|
| 100 |
1 |
|
|a Aristófanes.
|d 450 a.C.-385 a.C.
|9 17538
|
| 245 |
|
|
|a Obras completas
|c Aristófanes. Traducción de Federico BAraibar y Zumárraga
|h imp
|
| 250 |
|
|
|a 2a ed.
|
| 264 |
|
|
|a Buenos Aires
|b El Ateneo
|c 1954
|
| 300 |
|
|
|a 725 páginas:
|b ilu
|c 19 cm
|
| 490 |
|
|
|a Clásicos Inolvidables
|n no. 40
|
| 504 |
|
|
|a incl. ref.
|
| 650 |
|
|
|a Teatro griego
|9 463
|
| 852 |
|
|
|a UC-CDJBV
|c ESTANTERIA CERRADA
|f Compra
|k lucia.mora
|l 1
|m Limitada
|p 00000000
|t 50695
|b 1
|d CDRC
|e CDRC
|g 030 ESTANTERIA CERRADA
|z 0000-00-00
|
| 942 |
|
|
|
| 999 |
|
|
|c 127175
|d 127175
|